| 000 | 00812cab a22002175a 4500 | ||
|---|---|---|---|
| 001 | L152632 | ||
| 008 | 110406e20110402xxk 000 0 eng d | ||
| 035 | _a(Sirsi) u152632 | ||
| 041 | 0 | _aeng | |
| 100 | 1 | _aQuinn, David | |
| 245 | 0 | 0 |
_aFocus _bpublic sector |
| 260 | _c2011 | ||
| 490 |
_aEstates Gazette _v(1113) 2 April 2011, 69-79(9) |
||
| 520 | _aIncreasing number of joint ventures between private and public sector and inward investment schemes by local authorities with case studies of current schemes in place. Regional growth funding bids with breakdown of first round applications by region. | ||
| 590 | _aKA | ||
| 651 | 4 | _aUNITED KINGDOM | |
| 690 | _aPROPERTY-COMMERCIAL PROPERTY-COMMERCIAL PROPERTY FINANCE AND INVESTMENT | ||
| 700 | 1 | _aThame, David | |
| 700 | 1 | _aWhitten, Nick | |
| 942 | _n0 | ||
| 999 |
_c83042 _d83042 |
||